Detalles MARC
| 000 -CABECERA |
| campo de control de longitud fija |
02506nam a2200385 i 4500 |
| 003 - IDENTIFICADOR DEL NÚMERO DE CONTROL |
| campo de control |
DO-SdBNP |
| 005 - FECHA Y HORA DE LA ÚLTIMA TRANSACCIÓN |
| campo de control |
20260417110819.0 |
| 007 - CAMPO FIJO DE DESCRIPCIÓN FÍSICA--INFORMACIÓN GENERAL |
| campo de control de longitud fija |
ta |
| 008 - DATOS DE LONGITUD FIJA--INFORMACIÓN GENERAL |
| campo de control de longitud fija |
210615b 2018 dr 00| 0 eng d |
| 020 ## - NÚMERO INTERNACIONAL ESTÁNDAR DEL LIBRO |
| Número Internacional Estándar del Libro |
9789945168600 |
| 040 ## - FUENTE DE LA CATALOGACIÓN |
| Centro catalogador/agencia de origen |
DO-SdBNP |
| Lengua de catalogación |
spa |
| Centro/agencia transcriptor |
BNPHU |
| Normas de descripción |
rda |
| 041 ## - CÓDIGO DE LENGUA |
| Código de lengua del texto/banda sonora o título independiente |
spa |
| 082 #4 - NÚMERO DE LA CLASIFICACIÓN DECIMAL DEWEY |
| Número de clasificación |
327.7293 |
| Número de documento/Ítem |
M828d 2018 |
| Número de edición |
22 |
| 100 1# - ENTRADA PRINCIPAL--NOMBRE DE PERSONA |
| Nombre de persona |
Morales Lama, Manuel, |
| Término indicativo de función/relación |
autor |
| Código de función/relación |
aut. |
| 9 (RLIN) |
2998 |
| 245 10 - MENCIÓN DE TÍTULO |
| Título |
Diplomacia contemporánea : |
| Resto del título |
teoría y práctica para el ejercicio profesional / |
| Mención de responsabilidad, etc. |
Manuel Morales Lama ; prólogo, D. Ricardo Koeing. |
| 250 ## - MENCIÓN DE EDICIÓN |
| Mención de edición |
decima segunda edición |
| 264 #1 - PRODUCCIÓN, PUBLICACIÓN, DISTRIBUCIÓN, FABRICACIÓN Y COPYRIGHT |
| Producción, publicación, distribución, fabricación y copyright |
Santo Domingo : |
| Nombre del de productor, editor, distribuidor, fabricante |
Morales & Vicens ; |
| Fecha de producción, publicación, distribución, fabricación o copyright |
2018. |
| 300 ## - DESCRIPCIÓN FÍSICA |
| Extensión |
xxxiii, 579 páginas : |
| Otras características físicas |
ilustraciones ; |
| Dimensiones |
24 cm. |
| 336 ## - TIPO DE CONTENIDO |
| Término de tipo de contenido |
texto |
| Código de tipo de contenido |
txt |
| Fuente |
rdacontent |
| 337 ## - TIPO DE MEDIO |
| Nombre/término del tipo de medio |
sin mediación |
| Código del tipo de medio |
n |
| Fuente |
rdamediación |
| 338 ## - TIPO DE SOPORTE |
| Nombre/término del tipo de soporte |
volumen |
| Código del tipo de soporte |
nc |
| Fuente |
rdacarrier |
| 500 ## - NOTA GENERAL |
| Nota general |
Incluye índice análítico |
| 500 ## - NOTA GENERAL |
| Nota general |
Incluye referencias bibliográficas y notas al pie de las páginas |
| 504 ## - NOTA DE BIBLIOGRAFÍA, ETC. |
| Nota de bibliografía, etc. |
Bibliografía : páginas 547-562 |
| 505 0# - NOTA DE CONTENIDO CON FORMATO |
| Nota de contenido con formato |
Conceptos básicos -- Orígenes y evolución de la diplomacia -- Ejecutores centrales de la política exterior de los Estados -- El servicio exterior -- La misión diplomática permanente -- La función diplomática -- La concertación de tratados -- Estilística diplomática -- Ceremonial y protocolo -- La nueva realidad diplomática -- Glosario de locuciones y término latinos y franceses -- Normas protocolares y de etiqueta social -- Relación de las condecoraciones en los diversos países del mundo -- Aspecto prácticos de la correspondencia diplomática -- Planos sobre el uso de la bandera -- Planos de aplicación de la precedencia -- La protección diplomática: su validez y alcance en el escenario internacional contempóneo -- Convención de Viena sobre relaciones diplomáticas -- Convención de Viena sobre relaciones consulares -- Carta de derechos y deberes económicos de los Estados -- Ley Orgánica del ministerio de relaciones exteriores y del servicio exterior de la República Dominicana -- Ley sobre funciones públicas de los cónsules dominicanos. |
| 586 ## - NOTA DE PREMIOS |
| Nota de premios |
Premio Nacional de Didáctica. |
| 590 ## - NOTA LOCAL (RLIN) |
| Nota local |
Inventariado, 2021 /LP |
| 650 #4 - PUNTO DE ACCESO ADICIONAL DE MATERIA--TÉRMINO DE MATERIA |
| Término de materia o nombre geográfico como elemento de entrada |
Diplomacia |
| 9 (RLIN) |
398 |
| 650 #4 - PUNTO DE ACCESO ADICIONAL DE MATERIA--TÉRMINO DE MATERIA |
| Término de materia o nombre geográfico como elemento de entrada |
Documentos consulares |
| 9 (RLIN) |
6528 |
| 651 #4 - PUNTO DE ACCESO ADICIONAL DE MATERIA--NOMBRE GEOGRÁFICO |
| Nombre geográfico |
República Dominicana |
| Subdivisión general |
Servicio diplomático y consular |
| 9 (RLIN) |
3000 |
| 651 #4 - PUNTO DE ACCESO ADICIONAL DE MATERIA--NOMBRE GEOGRÁFICO |
| Nombre geográfico |
República Dominicana |
| Subdivisión general |
Relaciones exteriores |
| 9 (RLIN) |
2258 |
| 700 1# - PUNTO DE ACCESO ADICIONAL--NOMBRE DE PERSONA |
| Nombre de persona |
Koeing, D. Ricardo, |
| Término indicativo de función/relación |
prologuista |
| 9 (RLIN) |
17212 |
| 910 ## - DATOS DE OPCIÓN DEL USUARIO (OCLC) |
| Datos de opción del usuario |
Validado. Control de calidad MFF |
| 942 ## - ELEMENTOS DE PUNTO DE ACCESO ADICIONAL (KOHA) |
| Fuente del sistema de clasificación o colocación |
Dewey Decimal Classification |
| Tipo de ítem Koha |
Libro |